000 01337nam a22003737a 4500
001 000016304
003 CHAP
005 20220329134107.0
008 971013s1983 r 00010 d
010 _a15265
011 _a16237
035 _a20316
040 _cCHAP
082 0 4 _a551.45
_bG7
100 0 0 _aGrenot, Claude J.
_950636
245 1 0 _aDesierto chihuahuense; fauna del Bolson de Mapimí; ecología y conservación de los vertebrados.
260 _aChapingo, Méx., :
_bUACH. Departamento de Zonas Aridas,
_c(1983).
300 _a63 p. :
_b: ilus.
500 _ac.1 col. UACH-CP
590 _aBATCH-UPD
_b10
_c20130110
_lUCH01
_h1932
590 _aBATCH-UPD
_b10
_c20130410
_lUCH01
_h1256
590 _aBATCH-UPD
_b10
_c20130914
_lUCH01
_h1153
590 _aCONVERSION
_b10
_c20130109
_lUCH01
_h1310
590 _aE5995AHE
_b05
_c20150223
_lUCH01
_h1211
650 1 4 _aDesierto de Chihuahua.
_932138
650 1 4 _aDesiertos
_xEcología.
_932149
901 _aBK
942 _cLIBRO
942 _n0
949 _a551.45 G7
_bBC
_cLIBRO
_d33724000435228
_eLIBRO
_fc.4
_gI.143104
_h74219
_i20316
_si
_t13.82
949 _a551.45 G7
_bBC
_cLIBRO
_d33724000665766
_eLIBRO
_fc.3
_h63458
_i20316
_si
949 _a551.45 G7
_bBC
_cLIBRO
_d33724000821153
_eLIBRO
_fc.2
_h63457
_i20316
_si
949 _a551.45 G7
_bBC
_cUACH
_d-47359
_eUACH
_h61678
_i20316
_si
999 _c15265
_d15265